ARRUPE JESUIT UNIVERSITY

CORONAVIRUS -STOP THE SPREAD - CLEAN,DISINFECT,COVER

The social work interview. (Record no. 129552)

MARC details
000 -LEADER
fixed length control field 00770cam a2200265 4500
001 - CONTROL NUMBER
control field 4546620
003 - CONTROL NUMBER IDENTIFIER
control field ARRUPE
005 - DATE AND TIME OF LATEST TRANSACTION
control field 20190503100312.0
008 - FIXED-LENGTH DATA ELEMENTS--GENERAL INFORMATION
fixed length control field 720526s1972 nyu b 000 0 eng
010 ## - LIBRARY OF CONGRESS CONTROL NUMBER
LC control number 70190192
020 ## - INTERNATIONAL STANDARD BOOK NUMBER
International Standard Book Number 0231032900
040 ## - CATALOGING SOURCE
Original cataloging agency DLC
Transcribing agency DLC
Modifying agency DLC
050 00 - LIBRARY OF CONGRESS CALL NUMBER
Classification number HV43
Item number .K26
082 00 - DEWEY DECIMAL CLASSIFICATION NUMBER
Classification number 361.3/2
300 ## - PHYSICAL DESCRIPTION
Dimensions 23 cm.
100 1# - MAIN ENTRY--PERSONAL NAME
Personal name Kadushin, Alfred.
9 (RLIN) 46219
245 14 - TITLE STATEMENT
Title The social work interview.
Statement of responsibility, etc Alfred Kadushin
260 ## - PUBLICATION, DISTRIBUTION, ETC. (IMPRINT)
Place of publication, distribution, etc New York,
Name of publisher, distributor, etc Columbia University Press,
Date of publication, distribution, etc 1972.
300 ## - PHYSICAL DESCRIPTION
Extent 337 p.
350 ## - PRICE (NR) (BK AM CF MU VM SE) [OBSOLETE]
Price $12.50
504 ## - BIBLIOGRAPHY, ETC. NOTE
Bibliography, etc Bibliography: p. [309]-332.
650 #0 - SUBJECT ADDED ENTRY--TOPICAL TERM
Topical term or geographic name as entry element Interviewing.
9 (RLIN) 46220
650 #0 - SUBJECT ADDED ENTRY--TOPICAL TERM
Topical term or geographic name as entry element Social service.
9 (RLIN) 46221
906 ## - LOCAL DATA ELEMENT F, LDF (RLIN)
a 7
b cbc
c orignew
d 1
e ncip
f 19
g y-gencatlg
942 ## - ADDED ENTRY ELEMENTS (KOHA)
Source of classification or shelving scheme Library of Congress Classification
Koha item type Monograph ( Printed materials)
Holdings
Withdrawn status Lost status Source of classification or shelving scheme Damaged status Not for loan Collection code Home library Current library Shelving location Date acquired Total Checkouts Full call number Barcode Date last seen Price effective from Koha item type
    Library of Congress Classification     Main Collection ARRUPE LIBRARY ARRUPE LIBRARY Main Collection 03/05/2019   HV43 .K26 46600004656 03/05/2019 03/05/2019 Monograph ( Printed materials)

 

Arrupe Library. PO Box MP320 Mt Pleasant, Harare, Zimbabwe
263 242 745411|librarian@aju.ac.zw